<?xml version="1.0" encoding="UTF-8"?>
<record
    xmlns:xsi="http://www.w3.org/2001/XMLSchema-instance"
    xsi:schemaLocation="http://www.loc.gov/MARC21/slim http://www.loc.gov/standards/marcxml/schema/MARC21slim.xsd"
    xmlns="http://www.loc.gov/MARC21/slim">

  <leader>00495nam a2200169Ia 4500</leader>
  <controlfield tag="008">230718s9999    xx            000 0 und d</controlfield>
  <datafield tag="020" ind1=" " ind2=" ">
    <subfield code="a">9788184048612</subfield>
  </datafield>
  <datafield tag="041" ind1=" " ind2=" ">
    <subfield code="a">eng</subfield>
  </datafield>
  <datafield tag="082" ind1=" " ind2=" ">
    <subfield code="a">005.75</subfield>
    <subfield code="b">BUE</subfield>
  </datafield>
  <datafield tag="100" ind1=" " ind2=" ">
    <subfield code="a">Buelow H.</subfield>
    <subfield code="9">173674</subfield>
  </datafield>
  <datafield tag="245" ind1=" " ind2=" ">
    <subfield code="a">Getting Started With Oracle SOA Suite 11g R1</subfield>
  </datafield>
  <datafield tag="260" ind1=" " ind2=" ">
    <subfield code="c">2009</subfield>
    <subfield code="b">Packt Publishing</subfield>
  </datafield>
  <datafield tag="300" ind1=" " ind2=" ">
    <subfield code="a">468</subfield>
  </datafield>
  <datafield tag="365" ind1=" " ind2=" ">
    <subfield code="c">Rs.</subfield>
    <subfield code="b">500.00</subfield>
  </datafield>
  <datafield tag="700" ind1=" " ind2=" ">
    <subfield code="a">Buelow H., Deb M., Kasi J. &amp; L'Her D.</subfield>
    <subfield code="9">191371</subfield>
  </datafield>
  <datafield tag="906" ind1=" " ind2=" ">
    <subfield code="d">O:0088229-Jun-2010B:408803-May-2010</subfield>
    <subfield code="c">COMP</subfield>
    <subfield code="b">100</subfield>
  </datafield>
  <datafield tag="999" ind1=" " ind2=" ">
    <subfield code="c">325101</subfield>
    <subfield code="d">325101</subfield>
  </datafield>
  <datafield tag="952" ind1=" " ind2=" ">
    <subfield code="0">0</subfield>
    <subfield code="1">0</subfield>
    <subfield code="4">0</subfield>
    <subfield code="7">0</subfield>
    <subfield code="a">CCEP</subfield>
    <subfield code="b">CCEP</subfield>
    <subfield code="d">2010-07-03</subfield>
    <subfield code="e">Tbs</subfield>
    <subfield code="f">COMP</subfield>
    <subfield code="g">400.00</subfield>
    <subfield code="i">4088</subfield>
    <subfield code="l">0</subfield>
    <subfield code="o">005.75</subfield>
    <subfield code="p">CCEP-BK-36308</subfield>
    <subfield code="r">2023-07-18 00:00:00</subfield>
    <subfield code="t">100</subfield>
    <subfield code="v">500.00</subfield>
    <subfield code="w">2010-05-03</subfield>
    <subfield code="y">BK</subfield>
    <subfield code="z">036308</subfield>
  </datafield>
</record>
